Modern applied linguistics : (Record no. 7708)

MARC details
000 -LEADER
fixed length control field 00548cam a2200217ua 4500
001 - CONTROL NUMBER
control field 8614
005 - DATE AND TIME OF LATEST TRANSACTION
control field 20260515114345.0
008 - FIXED-LENGTH DATA ELEMENTS--GENERAL INFORMATION
fixed length control field 150210n ii |||gr||||Z||||||eng
020 ## - INTERNATIONAL STANDARD BOOK NUMBER
International Standard Book Number 9780333921883
040 ## - CATALOGING SOURCE
Transcribing agency MAIN
041 ## - LANGUAGE CODE
Language code of text/sound track or separate title eng
082 ## - DEWEY DECIMAL CLASSIFICATION NUMBER
Classification number 410
100 ## - MAIN ENTRY--PERSONAL NAME
Personal name Krishnaswamy, N.,
Relator term Author.,
245 1# - TITLE STATEMENT
Title Modern applied linguistics :
Remainder of title Introduction /
Statement of responsibility, etc. By N. Krishnaswamy .
250 ## - EDITION STATEMENT
Edition statement 1st.
260 ## - PUBLICATION, DISTRIBUTION, ETC.
Place of publication, distribution, etc. New Delhi:
Name of publisher, distributor, etc. Macmillan,
Date of publication, distribution, etc. 2008.
300 ## - PHYSICAL DESCRIPTION
Extent v,312p.
653 ## - INDEX TERM--UNCONTROLLED
Uncontrolled term Linguistics
700 ## - ADDED ENTRY--PERSONAL NAME
Personal name Verma, S. K.,
Relator term Author.
942 ## - ADDED ENTRY ELEMENTS (KOHA)
Koha item type Books
Holdings
Withdrawn status Lost status Damaged status Not for loan Home library Current library Shelving location Date acquired Total checkouts Full call number Barcode Date last seen Copy number Price effective from Koha item type
        Naharkatiya College Library Naharkatiya College Library General stacks 09/19/2020   410 | KRI 17589 09/19/2020 1 09/19/2020 Books